000 00178nam a2200073Ia 4500
008 170523s9999 xx 000 0 und d
100 _aMunson
245 0 _aFundamentals of Fluid Mechanics
260 _aWiley India
999 _c12014
_d12014